00387nam a2200145Ia 4500008004100000020001500041041001200056100001400068245007300082250000800155260003900163300000900202650001600211700001400227221030s9999 xx 000 0 und d a9332547919 aEnglish aE. Nemeth 0aUnix & Linux System Administration Handbookcby E. Nemeth, G. Snyder a4th bPearson EducationaNew Delhic2015 a1150 aBE Computer aG. Snyder